<?xml version="1.0" encoding="UTF-8"?>
<collection xmlns="http://www.loc.gov/MARC21/slim">
 <record>
  <leader>02071naa a2200241 i 4500</leader>
  <controlfield tag="001">acta72016</controlfield>
  <controlfield tag="005">20260224081030.0</controlfield>
  <controlfield tag="008">210216s2020    hu      o     100   hun d</controlfield>
  <datafield tag="024" ind1="7" ind2=" ">
   <subfield code="a">10.14232/tgfek21sz.17</subfield>
   <subfield code="2">doi</subfield>
  </datafield>
  <datafield tag="040" ind1=" " ind2=" ">
   <subfield code="a">SZTE Egyetemi Kiadványok Repozitórium</subfield>
   <subfield code="b">hun</subfield>
  </datafield>
  <datafield tag="041" ind1=" " ind2=" ">
   <subfield code="a">hun</subfield>
  </datafield>
  <datafield tag="100" ind1="1" ind2=" ">
   <subfield code="a">Gáspár Sándor</subfield>
  </datafield>
  <datafield tag="245" ind1="1" ind2="0">
   <subfield code="a">KPI-tree modell fejlesztése predikciós eljárások alkalmazásával</subfield>
   <subfield code="h">[elektronikus dokumentum] /</subfield>
   <subfield code="c"> Gáspár Sándor</subfield>
  </datafield>
  <datafield tag="260" ind1=" " ind2=" ">
   <subfield code="c">2020</subfield>
  </datafield>
  <datafield tag="300" ind1=" " ind2=" ">
   <subfield code="a">250-264</subfield>
  </datafield>
  <datafield tag="490" ind1="0" ind2=" ">
   <subfield code="a">Társadalmi és gazdasági folyamatok elemzésének kérdései a XXI. században</subfield>
  </datafield>
  <datafield tag="520" ind1="3" ind2=" ">
   <subfield code="a">A controlling fejlődése az elmúlt években a big data, mesterséges intelligencia, a különböző matematikai statisztikai módszertanok fejlődése és a digitalizáció által olyan modelleket hozott létre a menedzsment számára, amelyek hatékonyabb döntéshozást és tervezési folyamatot tettek lehetővé. A különböző predikciós illetve ok-okozati controlling modellek a döntéshozáshoz szükséges információtartalmat nagymértékben növelték. Számos új, különböző operatív mérési lehetőség és adatszerzési forrás jelent meg a gépészet és az informatika által létrehozott innovációk által. Ezen adatok önmagukban nagyon kevésszer hordoznak információ tartalmat. Összességében egy strukturált rendszerben, illetve modellben viszont olyan információ halmazzá válhatnak ezek az adatok, amelyek akár képesek egy teljes szervezet működési modelljének ok-okozati összefüggéseit elemezni és a különböző menedzsment funkciókat a tervezéstől egészen az ellenőrzésig támogatni.</subfield>
  </datafield>
  <datafield tag="650" ind1=" " ind2="4">
   <subfield code="a">Társadalomtudományok</subfield>
  </datafield>
  <datafield tag="650" ind1=" " ind2="4">
   <subfield code="a">Közgazdasági és gazdálkodástudományok</subfield>
  </datafield>
  <datafield tag="695" ind1=" " ind2=" ">
   <subfield code="a">Vezetés - vállalati - rendszerelmélet, Kontrolling</subfield>
  </datafield>
  <datafield tag="700" ind1="0" ind2="1">
   <subfield code="a">Thalmeiner Gergő</subfield>
   <subfield code="e">aut</subfield>
  </datafield>
  <datafield tag="710" ind1=" " ind2=" ">
   <subfield code="a">Társadalmi és gazdasági folyamatok elemzésének kérdései a XXI. században (2019) (Szeged)</subfield>
  </datafield>
  <datafield tag="856" ind1="4" ind2="0">
   <subfield code="u">http://acta.bibl.u-szeged.hu/72016/1/tarsadalmi_es_gazdasagi_folyamatok_250-264.pdf</subfield>
   <subfield code="z">Dokumentum-elérés </subfield>
  </datafield>
 </record>
</collection>
